Co to za zwierzę? [poziom łatwy] #1 - Statystyki

Ogólne statystyki
  • Ten quiz został rozwiązany 348 razy
  • Średni wynik to 31 z 32
Statystyki odpowiedzi
Obrazkowy Odpowiedź % Poprawnych
panda
100%
kogut
99%
krokodyl
99%
lew
99%
małpa
99%
słoń
99%
tygrys
99%
wąż
99%
żaba
99%
żyrafa
99%
biedronka
98%
niedźwiedź
98%
papuga
98%
zebra
98%
bocian
97%
chomik
97%
jeż
97%
koala
97%
koń
97%
królik
97%
lis
97%
motyl
97%
mysz
97%
rekin
97%
żółw
97%
jeleń
96%
lama
96%
owca
96%
wielbłąd
96%
sarna
95%
łoś
93%
łabędź
90%
Nie znaleziono quizów pasujących do podanych kryteriów
Rozkład punktacji
Procent ludzi z każdym wynikiem
Percentyl według liczby udzielonych odpowiedzi
Twoja historia wyników
Nie rozwiązałeś tego quizu